Counterflows to colonialism : (Record no. 170498)

MARC details
000 -LEADER
fixed length control field 00684nam a2200193 4500
005 - DATE AND TIME OF LATEST TRANSACTION
control field 20191216173920.0
010 ## - LCCN (DPL NO)
LC control number ENG-127163
020 ## - INTERNATIONAL STANDARD BOOK NUMBER
International Standard Book Number 9788178241548
Terms of availability 695.00
035 ## - SYSTEM CONTROL NUMBER
System control number EN-110695
037 ## - SOURCE OF ACQUISITION
Source of stock number/acquisition DBAD/PUB
082 ## - DEWEY DECIMAL CLASSIFICATION NUMBER
Classification number 305.891
100 ## - MAIN ENTRY--PERSONAL NAME
Personal name Fisher, Michael H.
245 ## - TITLE STATEMENT
Title Counterflows to colonialism :
Statement of responsibility, etc by Michael H. Fisher
Remainder of title Indian travellers and settlers in Britain 1600-1857 /
260 ## - PUBLICATION, DISTRIBUTION, ETC. (IMPRINT)
Place of publication, distribution, etc Ranikhet
Name of publisher, distributor, etc Permanent Black
Date of publication, distribution, etc 2019
270 ## - ADDRESS
Address Himalayana, Mall Road, Ranikhet Cantt
City Ranikhet
Postal code 263645
Electronic mail address perblack@gmail.com
300 ## - PHYSICAL DESCRIPTION
Extent xv;487p .
Dimensions 21cm(pbk)
500 ## - GENERAL NOTE
General note Includes bibliographical references and index
942 ## - ADDED ENTRY ELEMENTS (KOHA)
Source of classification or shelving scheme Dewey Decimal Classification
Item type English Books
Classification part 305.891
Call number suffix COU
Holdings
Withdrawn status Lost status Not for loan Collection code Home library Current library Date acquired Source of acquisition Cost, normal purchase price Full call number Barcode Copy number Cost, replacement price Koha item type
      Non-fiction Ashok Vihar Ashok Vihar 16/12/2019 DBAD/PUB 695.00 305.891 COU EN-110695 1 695.00 English Books

© Delhi Public Library
Hit Counter
free hit counter